| 000 | 00366nam a22001457a 4500 | ||
|---|---|---|---|
| 020 | _a9780070634244 | ||
| 082 |
_a621.381 _bMAL/EL |
||
| 100 |
_aMalvino,Albert _91243 |
||
| 100 |
_aBates,David J _91244 |
||
| 245 | _aElectronic Principles | ||
| 250 | _a7 | ||
| 260 |
_aNew Delhi _bMcgraw Hill Education (India) Private Limited _c2015 |
||
| 300 | _a1018 | ||
| 942 | _cBBS | ||
| 999 |
_c14710 _d14710 |
||